| 000 | 01176nam a2200253Ia 4500 | ||
|---|---|---|---|
| 001 | 10541 | ||
| 003 | GE_BSU | ||
| 008 | 181216s||||||||xx |||||||||||||| ||und|| | ||
| 020 | _a97899419356 | ||
| 040 | _cGE_BSU | ||
| 080 | _a811.353.1+821.353.1+331.547 | ||
| 100 | _aხაზარაძე,ნათელა | ||
| 245 | _aქართული ენა და ლიტერატურა.1-6 კლასის მასწავლებელთათვის | ||
| 245 | _bთეორიული საკითხები,ტესტები,ლიტერატურის თეორიის ლექსიკონი | ||
| 260 | _aთბილისი | ||
| 260 | _bუსტარი | ||
| 260 | _c2014 | ||
| 300 | _a100გვ.24სმ. | ||
| 300 | _eბიბლიოგრ. გვ.100 | ||
| 541 | _h6ლ. | ||
| 653 | _aქართული ენა და ლიტერატურა | ||
| 653 | _aქართული ენისა და ლიტერატურის მასწავლებლის სასერტიფიკაციო გამოცდის პროგრამა(1-6) | ||
| 942 | _cBK | ||
| 999 |
_c43796 _d43796 |
||